<?xml version="1.0" encoding="UTF-8"?>
<marc:record xmlns:marc="http://www.loc.gov/MARC21/slim">
   <marc:leader>00000nam a2200000 a 4500</marc:leader>
   <marc:datafield ind1="1" ind2=" " tag="100">
      <marc:subfield code="a">Tolstoi, Leo</marc:subfield>
      <marc:subfield code="4">aut</marc:subfield>
      <marc:subfield code="e">Verfasser/-in</marc:subfield>
   </marc:datafield>
   <marc:datafield ind1="1" ind2=" " tag="100">
      <marc:subfield code="a">Busch, Wilhelm M.</marc:subfield>
   </marc:datafield>
   <marc:datafield ind1="1" ind2=" " tag="100">
      <marc:subfield code="a">Schille, Ingo Manfred</marc:subfield>
   </marc:datafield>
   <marc:datafield ind1=" " ind2=" " tag="653">
      <marc:subfield code="a">Erzählung</marc:subfield>
   </marc:datafield>
   <marc:datafield ind1=" " ind2=" " tag="653">
      <marc:subfield code="a">Pferd</marc:subfield>
   </marc:datafield>
   <marc:datafield ind1="0" ind2="0" tag="245">
      <marc:subfield code="a">Der Leinwandmesser</marc:subfield>
   </marc:datafield>
   <marc:datafield ind1="0" ind2="0" tag="245">
      <marc:subfield code="b">Die Geschichte eines Pferdes</marc:subfield>
   </marc:datafield>
   <marc:datafield ind1="0" ind2="0" tag="245">
      <marc:subfield code="c">Leo Tolstoi ; aus dem Russischen übersetzt von Ingo Manfred Schille</marc:subfield>
   </marc:datafield>
   <marc:datafield ind1=" " ind2="1" tag="264">
      <marc:subfield code="a">Hamburg</marc:subfield>
      <marc:subfield code="b">Rütten &amp; Loening Verlag</marc:subfield>
      <marc:subfield code="c">1997</marc:subfield>
   </marc:datafield>
   <marc:datafield ind1="1" ind2=" " tag="520">
      <marc:subfield code="a">Das titelgebende Pferd wird wegen seines langen, weit ausschreitenden Ganges Leinwandmesser genannt. Als alter, scheckiger Wallach erzählt es in seinem letzten Gestüt in fünf aufeinanderfolgenden Nächten seinen jüngeren Artgenossen seine Lebensgeschichte. Es war einst wegen seiner Kraft im ganzen Land berühmt und ging in jungen Jahren in den Besitz eines Husarenoffiziers über. Dieser draufgängerische Lebemann reitet Leinwandmesser in einer Nacht, in der er einer untreuen Geliebten hinterherjagt, dermaßen zugrunde, dass dieses von neuen Besitzern fortan hauptsächlich als Lasttier genutzt wird. Gegen Ende der Erzählung kommt der Offizier, inzwischen verfettet, hochverschuldet und von einstigen Geliebten endgültig verlassen, zum Besitzer des letzten Gestüts von Leinwandmesser. Er erinnert sich an seinen scheckigen Wallach und schwelgt in glorreichen Zeiten, was dem Leser den inzwischen eingetretenen Verfall nur umso mehr verdeutlicht. Tolstoi beschreibt zum Schluss das Sterben Leinwandmessers ebenso wie das Hinsiechen seines einstigen Herrn und setzt menschlichen und tierischen Niedergang in Beziehung zueinander.</marc:subfield>
   </marc:datafield>
   <marc:datafield ind1=" " ind2=" " tag="041">
      <marc:subfield code="a">ger</marc:subfield>
   </marc:datafield>
   <marc:datafield ind1=" " ind2=" " tag="300">
      <marc:subfield code="a">S.170</marc:subfield>
   </marc:datafield>
</marc:record>
